Problemas contables de los nuevos instrumentos financieros opciones, futuros, swaps. (Registro nro. 970)
[ vista simple ]
| 000 -LEADER | |
|---|---|
| fixed length control field | 01132 a2200241 4500 |
| 001 - CONTROL NUMBER | |
| control field | 22329 |
| 005 - DATE AND TIME OF LATEST TRANSACTION | |
| control field | 20260407155513.0 |
| 008 - FIXED-LENGTH DATA ELEMENTS--GENERAL INFORMATION | |
| fixed length control field | 260407a1993 arg spa d |
| 003 - CONTROL NUMBER IDENTIFIER | |
| control field | AR-UNSa-BCEJYS |
| 040 ## - CATALOGING SOURCE | |
| Original cataloging agency | AR-UNSa-BCEJYS |
| Language of cataloging | spa |
| Transcribing agency | AR-UNSa-BCEJYS |
| 080 ## - UNIVERSAL DECIMAL CLASSIFICATION NUMBER | |
| Universal Decimal Classification number | 336.76 |
| Common auxiliary subdivision | Bolsa. Mercado del dinero. Mercado del capital |
| 020 ## - INTERNATIONAL STANDARD BOOK NUMBER | |
| International Standard Book Number | 84-476-0031-9 |
| 100 1# - MAIN ENTRY--PERSONAL NAME | |
| Personal name | Sánchez Fernández de Valderrama, José Luis |
| 245 10 - TITLE STATEMENT | |
| Title | Problemas contables de los nuevos instrumentos financieros opciones, futuros, swaps. |
| 264 #1 - PRODUCTION, PUBLICATION, DISTRIBUTION, MANUFACTURE, AND COPYRIGHT NOTICE | |
| Place of production, publication, distribution, manufacture | Madrid : |
| Name of producer, publisher, distributor, manufacturer | Ministerio de Economía y Hacienda |
| Date of production, publication, distribution, manufacture, or copyright notice | 1993 |
| 300 ## - PHYSICAL DESCRIPTION | |
| Extent | 303 p. |
| Dimensions | 24 cm. |
| 505 ## - FORMATTED CONTENTS NOTE | |
| Formatted contents note | 1. El fenómeno de la innovación financiera - 2. Las operaciones contables en los contratos de opciones - 3. Las operaciones contables en los contratos de futuros - 4. Los contratos swaps. |
| 590 ## - LOCAL NOTE (RLIN) | |
| Local note | niveau_biblio:m niveau_hierar:0 |
| 700 1# - ADDED ENTRY--PERSONAL NAME | |
| Personal name | Wanden-Berghe Lozano, José Luis |
| 700 1# - ADDED ENTRY--PERSONAL NAME | |
| Personal name | González Carbonell, José Francisco |
| 856 41 - ELECTRONIC LOCATION AND ACCESS | |
| Uniform Resource Identifier | <a href="https://biblioeco.unsa.edu.ar/pmb/images/libros/Problemas Contables de la Nuevos Instrumentos Financieros-l119492.jpg">https://biblioeco.unsa.edu.ar/pmb/images/libros/Problemas Contables de la Nuevos Instrumentos Financieros-l119492.jpg</a> |
| Link text | Imagen de portada |
| Electronic format type | image/jpeg |
| 942 ## - ADDED ENTRY ELEMENTS (KOHA) | |
| Koha item type | |
| Withdrawn status | Lost status | Damaged status | Not for loan | Home library | Current library | Shelving location | Date acquired | Total checkouts | Full call number | Barcode | Date last seen | Price effective from | Koha item type |
|---|---|---|---|---|---|---|---|---|---|---|---|---|---|
| Biblioteca Prof. Eusebio Cleto del Rey | Biblioteca Prof. Eusebio Cleto del Rey | 07/04/2026 | P336.76 S211 | L119492 | 07/04/2026 | 07/04/2026 | Libro |